Pregón de las ferias y fiestas de San Antolín de Medina del Campo (Valladolid) (Record no. 131329)
[ view plain ]
| 000 -LEADER | |
|---|---|
| campo de control de longitud fija | 00522nam a2200157 4500 |
| 001 - NÚMERO DE CONTROL | |
| campo de control | 131329 |
| 003 - IDENTIFICADOR DE NÚMERO DE CONTROL | |
| campo de control | ES-MaACL |
| 005 - FECHA Y HORA DE LA ÚLTIMA TRANSACCIÓN | |
| campo de control | 20230906193948.0 |
| 007 - CAMPO FIJO DE DESCRIPCIÓN FÍSICA--INFORMACIÓN GENERAL | |
| campo de control de longitud fija | t| |
| 008 - DATOS DE LONGITUD FIJA--INFORMACIÓN GENERAL | |
| campo de control de longitud fija | 070214s1962 sp r ||||1| spa d |
| 100 1# - ENTRADA PRINCIPAL--NOMBRE DE PERSONA | |
| Nombre de persona | Rodríguez, Eugenio. |
| 9 (RLIN) | 98235 |
| 245 10 - MENCIÓN DEL TÍTULO | |
| Título | Pregón de las ferias y fiestas de San Antolín de Medina del Campo (Valladolid) |
| Resto del título | : 1º de septiembre de 1961 / |
| Mención de responsabilidad, etc. | Eugenio Rodríguez. |
| 260 ## - PUBLICACIÓN, DISTRIBUCIÓN, ETC. | |
| Lugar de publicación, distribución, etc. | Madrid : |
| Nombre del editor, distribuidor, etc. | [s.n.], |
| Fecha de publicación, distribución, etc. | 1962 ( |
| Fabricante | Tip. Ograma) |
| 300 ## - DESCRIPCIÓN FÍSICA | |
| Extensión | 43 p. ; |
| Dimensiones | 15 cm. |
| 852 ## - LOCALIZACIÓN | |
| Ubicación | ES-MaACL |
| Número de control de estantería | F-3570 |
| Sublocalización o colección | R.50833 |
| Estatus retirado | Estado de pérdida | Estado de daño | No para préstamo | Biblioteca de origen | Biblioteca actual | Ubicación en estantería | Fecha de adquisición | Fuente de adquisición | Total de préstamos | Signatura topográfica completa | Código de barras | Visto por última vez | Precio de reemplazo | Tipo de ítem Koha |
|---|---|---|---|---|---|---|---|---|---|---|---|---|---|---|
| Biblioteca del Ateneo de Madrid | Biblioteca del Ateneo de Madrid | Depósito 2 | 17/01/2008 | F-3570 | 1136724 | 23/02/2023 | 23/02/2023 | Libro impreso |
